Geo- Politics of the Euro-Asia energy Nexus (Record no. 1642)

MARC details
000 -BAŞLIK
Sabit Uzunlukta Kontrol Alanı 00889na a2200289 4500
001 - KONTROL NUMARASI
Denetim Alanı 15607
003 - KONTROL NUMARASI IDENTIFIER
Denetim Alanı MIRAKIL
005 - SON İŞLEM TARİHİ VE ZAMANI
Denetim Alanı 20181213154830.0
008 - SABİT-BOY VERİ ELEMANLARI - GENEL BİLGİLER
Sabit Uzunlukta Kontrol Alanı 160918b tu 000 0
020 ## - ULUSLARARASI STANDART KİTAP NUMARASI
Uluslararası Standart Kitap Numarası 9780230002173
040 ## - KATALOGLAMA KAYNAK
Orijinal Kataloglama Ajansı Milas
Kataloglama Dili tur
Metne Dönüştürmek Ajansı TR-AnCHP
082 ## - DEWEY ONLU SINIFLANDIRMA NUMARASI
Sınıflandırma Numarası 333.7909561
Ürün Numarası T34g
090 ## - SINIFLAMA NUMARASI
Sınıflama Numarası 333.7909561 T34g 2011
100 ## - ANA GİRİŞ - KİŞİSEL İSİM
Kişisel Ad Tekin, Ali
245 ## - BAŞLIK TABLOSU
Başlık Geo- Politics of the Euro-Asia energy Nexus
Başlığın Kalan The European Union, Russia and Turkey
246 ## - UNVAN FORM VARYING
Başlık Doğru / Kısa Başlığı The European Union, Russia and Turkey
260 ## - YAYIN, DAĞITIM, VB
Yayın, Dağıtım, Vb Yeri England
Yayın, Dağıtım, Vb Tarihi 2011
300 ## - FİZİKSEL TANIM
Kapsam 230 s.
Boyutlar 20 sm.
504 ## - KAYNAKÇA VB NOT
Kaynakça Vb Notu Kaynakça var.
650 ## - KONU KATMA GİRİŞ - TOPİKAL DÖNEM
Topikal Süreli Veya Coğrafi Ad Giriş Elemanı Türkiye
Genel Alt Bölümü Dış ilişkiler
Coğrafi Alt Bölümü Rusya
650 ## - KONU KATMA GİRİŞ - TOPİKAL DÖNEM
Topikal Süreli Veya Coğrafi Ad Giriş Elemanı Avrupa Birliği Üyeleri
Genel Alt Bölümü Enerji Politikaları
650 ## - KONU KATMA GİRİŞ - TOPİKAL DÖNEM
Topikal Süreli Veya Coğrafi Ad Giriş Elemanı AB
Genel Alt Bölümü Enerji Politikaları
650 ## - KONU KATMA GİRİŞ - TOPİKAL DÖNEM
Topikal Süreli Veya Coğrafi Ad Giriş Elemanı Enerji Politikaları
Coğrafi Alt Bölümü Türkiye
650 ## - KONU KATMA GİRİŞ - TOPİKAL DÖNEM
Topikal Süreli Veya Coğrafi Ad Giriş Elemanı Türkiye
Genel Alt Bölümü AB
-- Dış ilişkiler
650 ## - KONU KATMA GİRİŞ - TOPİKAL DÖNEM
Topikal Süreli Veya Coğrafi Ad Giriş Elemanı Jeopolitika
Genel Alt Bölümü AB
942 ## - EKLENDİ GİRİŞ ELEMANLARI (KOHA)
Sınıflandırma Veya Raf Düzeni Kaynak Dewey Decimal Classification
Koha Öğesi Türü Books
999 ## - SİSTEM KONTROL NUMARALARI (KOHA)
Koha Biblionumber 1642
Koha Biblioitemnumber 1642
Holdings
Kalıcı Konum Mevcut Konum Edinme Tarihi Edinim Kaynak Toplam Check-Out'Lar Tam Çağrı Numarası Barkod Tarih Son Görülme İtibaren Geçerli Fiyatlar Koha Öğesi Türü
CHP Kütüphanesi CHP Kütüphanesi 09/18/2016 Bağış   333.7909561 T34g 2011 002254 09/18/2016 09/18/2016 Books